00681nam a2200181 a 4500008004100000020002000041245010900061260007900170300002200249500002100271502009000292504004100382650002800423700002100451003000100472005001700473040000900490  a0821342541(pbk)10aEducational publishing in global perspective:bcapacity building and trends/cedited by Shobhana Sosale. aWashington:bInternational bank for reconstruction and development,c1999. aix,229p. :b20cm. aIncludes index. aPapers presented at a meeting held at the World Bank,Washington D.C., Sept 9-10, 1997 aIncludes bibliographical references. 1aEducational publishing. aSosale, Shobhana20230123124926.0 cNUST